000 00642nam a2200193Ia 4500
003 GCL
008 140319s9999 xx 000 0 ara d
040 _aGCL /
_cGCL
082 0 4 _a418.1
_bم ن
100 1 _aمحمد بن ابراهيم بن ساعد الانصا
245 1 0 _aنخب الذخائر فى احوال الجواهر /
_cمحمد بن ابراهيم بن ساعد الانصا
260 _a[S.N] :
_bمكتبة المتنبى ،
_c1989
300 _a188
490 _a
650 0 4 _aالبلاغة العربية
650 0 4 _aاللغات - طرق البحث
650 0 4 _aاللغات - تاريخ
942 _2ddc
_cBK
999 _c29756
_d29756